Largest trading partners of Japan - Statistics

General Stats
  • This quiz has been taken 135 times
  • The average score is 12 of 15
Answer Stats
Total Trade (USD) Answer % Correct
296.907 billion China
100%
206.633 billion United States
99%
81.266 billion South Korea
94%
20.771 billion United Kingdom
94%
42.329 billion Germany
92%
54.858 billion Australia
91%
33.232 billion Indonesia
89%
65.948 billion Taiwan
86%
20.876 billion Philippines
85%
33.549 billion Vietnam
85%
52.101 billion Thailand
83%
31.980 billion Malaysia
78%
31.128 billion Singapore
76%
27.924 billion United Arab Emirates
47%
37.112 billion Hong Kong
21%
No matching quizzes found
Score Distribution
Percent of People with Each Score
Percentile by Number Answered
Your Score History
You have not taken this quiz